| 000 | 01235nam a22002297a 4500 | ||
|---|---|---|---|
| 999 |
_c5734 _d5734 |
||
| 003 | OSt | ||
| 005 | 20251027124333.0 | ||
| 008 | 251027b ||||| |||| 00| 0 eng d | ||
| 020 | _a9781471414992 | ||
| 040 | _cKH8 | ||
| 082 | _aFIC ELL | ||
| 100 |
_aEllen, Tom, _eauthor. |
||
| 245 |
_aThe Funny Thing About Love / _cTom Ellen. |
||
| 260 |
_aSweden ; _bHot Key Books , _c2024. |
||
| 300 |
_a355 pages : _c20 cm. |
||
| 520 | _aAfter months of failing to land a job, Nell has snagged a highly sought-after internship writing for her favourite comedy sketch show. Even better? Everyone knows there's a guaranteed job at the end if you prove yourself. But the cut-throat world of television is no laughing matter, and Nell hasn't banked on there being another intern to compete against. Especially one like charlie, who is infuriatingly good-looking and only there because his father's the chief exec. With the odds stacked against her, Nell vows to do everything she can to out-perfoem him. But as she gets to know Charlie, she discovers there's more to her workplace rival than meets the eye... | ||
| 650 |
_alove story _vfiction book |
||
| 650 | _aromantic comedy | ||
| 650 | _aromantic | ||
| 650 | _acomedy | ||
| 942 |
_2ddc _cFIC |
||